000 00552nam a2200181Ia 4500
008 151018s9999 xx 000 0 und d
082 _bRBASDV60344
_a891.433
100 _aउषा यादव
245 _aसुनो जयंती
250 _b1
260 _b"देव पुस्तक मंदिर ,दिल्ली"
_c2012
300 _a208
600 _aउषा यादव
630 _aसुनो जयंती
700 _aउषा यादव
730 _aसुनो जयंती
942 _cBOOK
999 _c1053887
_d1053884